Sanat - "Tuku tuku lampaitani" - Statistics

Yleistilastot
  • Tätä visaa on pelattu 10 kertaa
  • Keskiarvotulos 25 / 37
Vastaustilastot
Vastaus % Oikein
lampaitani
100%
lampaitani
100%
päkä
100%
päkä
100%
päkä
100%
päkä
100%
päkä
100%
päkä
100%
päkä
100%
päkä
100%
Tuku
100%
tuku
100%
tuku
100%
tuku
100%
pässiäni
89%
pässiäni
89%
puskuripässiä
67%
puskuripässiä
67%
Aurinko
56%
kili
56%
kili
56%
kili
56%
kili
56%
kiliäni
56%
kiliäni
56%
maille
56%
huomenna
44%
kultani
44%
me
44%
missä
44%
tavataan
44%
kyllä
33%
salolla
33%
suurella
33%
viipyypi
33%
laskehtii
22%
toisella
0%
Ehtoja vastaavia visoja ei löytynyt
Tulosjakauma
Jokaisen tuloksen saaneiden osuus
Persentiili vastausten määrän mukaan
Tuloshistoriasi
Et ole pelannut tätä visaa